000
00321 a2200145 4500
001
123913
040
_c
Escola Canadense de Niteroi
100
_a
Reader's Digest
245
1
0
_a
Discovering the Amazon
362
0
_a
1994
490
0
_a
Travels and Adventures
650
4
_a
Brasil
650
4
_a
Non-Fiction
942
_c
BK
999
_c
123913
_d
123913